Т. 93, № 2; Журнал физической химии

Λεπτομέρειες βιβλιογραφικής εγγραφής
Parent link:Журнал физической химии/ Российская академия наук ; Отделение химии и наук о материалах РАН. Т. 93, № 2.— , 1931-
Γλώσσα:Ρωσικά
Έκδοση: 2019
Διαθέσιμο Online:https://sciencejournals.ru/view-issue/?j=fizkhim&y=2019&v=93&n=2
https://elibrary.ru/contents.asp?id=36887227
Μορφή: Ηλεκτρονική πηγή Βιβλίο
KOHA link:https://koha.lib.tpu.ru/cgi-bin/koha/opac-detail.pl?biblionumber=582983

MARC

LEADER 00000nam2a2200000 4500
001 582983
005 20231101130937.0
035 |a (RuTPU)RU\TPU\prd\283795 
035 |a RU\TPU\prd\283794 
090 |a 582983 
100 |a 20190409a19309999k y0rusy50 ca 
101 0 |a rus 
102 |a RU 
181 0 |a i  
182 0 |a b 
200 0 |a Т. 93, № 2  |b Электронный ресурс 
203 |a Текст  |c электронный 
210 |d 2019 
461 1 |0 (RuTPU)RU\TPU\prd\167  |t Журнал физической химии  |f Российская академия наук ; Отделение химии и наук о материалах РАН  |v Т. 93, № 2  |d 1931- 
801 0 |a RU  |b 63413507  |c 20010227  |g PSBO 
801 1 |a RU  |b 63413507  |c 20160309 
801 2 |a RU  |b 63413507  |c 20221219  |g RCR 
856 4 0 |u https://sciencejournals.ru/view-issue/?j=fizkhim&y=2019&v=93&n=2 
856 4 0 |u https://elibrary.ru/contents.asp?id=36887227 
942 |c BK